La guerra santa : (Record no. 156912)

MARC details
000 -LEADER
fixed length control field 00743nam a2200205 4500
005 - DATE AND TIME OF LATEST TRANSACTION
control field 20210708130133.0
008 - FIXED-LENGTH DATA ELEMENTS--GENERAL INFORMATION
fixed length control field 210708b sp ||||| |||| 00| 0 spa d
020 ## - INTERNATIONAL STANDARD BOOK NUMBER
International Standard Book Number 9788481646344
050 04 - LIBRARY OF CONGRESS CALL NUMBER
Classification number D157
Item number F56 2003
100 1# - MAIN ENTRY--PERSONAL NAME
Personal name Flori, Jean.
245 13 - TITLE STATEMENT
Title La guerra santa :
Remainder of title la formación de la idea de cruzada en el occidente cristiano
250 ## - EDITION STATEMENT
Edition statement 1a ed.
260 ## - PUBLICATION, DISTRIBUTION, ETC. (IMPRINT)
Place of publication, distribution, etc Granada, España :
Name of publisher, distributor, etc Universidad de Granada : Editorial Trotta,
Date of publication, distribution, etc 2003.
300 ## - PHYSICAL DESCRIPTION
Extent 402 p. ;
Dimensions 23 cm.
440 ## - SERIES STATEMENT/ADDED ENTRY--TITLE
Title Estructuras y procesos. Serie Religión
650 #7 - SUBJECT ADDED ENTRY--TOPICAL TERM
Source of heading or term lemb
Topical term or geographic name as entry element Guerra
General subdivision Aspecto religioso
Chronological subdivision Siglo X-XI
650 #7 - SUBJECT ADDED ENTRY--TOPICAL TERM
Source of heading or term lemb
Topical term or geographic name as entry element Guerra
General subdivision Aspecto religioso
-- Cristianismo
700 ## - ADDED ENTRY--PERSONAL NAME
Personal name Peinado Santaella, Rafael Gerardo,
Relator term trad.
942 ## - ADDED ENTRY ELEMENTS (KOHA)
Source of classification or shelving scheme Biblioteca del Cogreso de los Estados Unidos
Koha item type Libro
Holdings
Estado de pérdida Fuente de clasificación Estado del daño No para préstamo Ubicación permanente Ubicación actual Apartado o colección Fecha de adquisición Edición Área del conocimiento Total Checkouts Clasificación Código de Barras Date last seen Número de copia Costo por reposición Tipo de recurso
  Biblioteca del Cogreso de los Estados Unidos     Biblioteca del Instituto de Investigaciones Históricas Biblioteca del Instituto de Investigaciones Históricas General 08/07/2021 1a ed. Educación y Humanidades   D157 F56 2003 IIH000030270 08/07/2021 C:1 1.00 Libro